Chronológia spolupráce U.S. Steel Group a VSŽ, a.s.

Vznik spoločného podniku VSŽ U.S. Steel, s.r.o. v roku 1998. Ďalší vývoj spolupráce v roku 1999 a 2000.

Guardado en:
Detalles Bibliográficos
Formato: Capítulo de libro
Lenguaje:eslovaco
Materias:
Etiquetas: Agregar Etiqueta
Sin Etiquetas, Sea el primero en etiquetar este registro!

MARC

LEADER 00000naa a2200000 4500
001 r038559
005 20230824105208.1
041 0 |a slo 
044 |a SK 
245 1 0 |a Chronológia spolupráce U.S. Steel Group a VSŽ, a.s. 
520 |a Vznik spoločného podniku VSŽ U.S. Steel, s.r.o. v roku 1998. Ďalší vývoj spolupráce v roku 1999 a 2000. 
610 2 0 |a podnik spoločný 
610 2 0 |a kooperácia medzipodniková 
610 2 0 |a spolupráca podnikov 
610 2 0 |a spoločnosti s r.o. 
610 2 0 |a spoločnosti akciové 
610 2 0 |a investície 
610 2 0 |a kapitál 
610 2 0 |a VSŽ, a.s. Košice 
610 2 0 |a U.S. Steel Group